Dzień w historii Polski - marzec - Statystyki

Ogólne statystyki
  • Ten quiz został rozwiązany 33 razy
  • Średni wynik to 12 z 31
Statystyki odpowiedzi
Data Rok Wskazówka Odpowiedź % Poprawnych
5 mar 2002 Zarejestrowana została ta partia polityczna Platforma Obywatelska
100%
3 mar 2011 Ten skoczek narciarski ogłosił zakończenie kariery sportowej Adam Małysz
97%
12 mar 1999 Polska wstąpiła do tej organizacji międzynarodowej NATO
90%
20 mar 1942 Na murach Warszawy po raz pierwszy w historii pojawił się ten patriotyczny symbol Polska Walcząca
80%
15 mar 1000 Zakończyło się te spotkanie Ottona III z Bolesławem Chrobrym. Była to także pielgrzymka Ottona III do grobu Św. Wojciecha Zjazd gnieźnieński
77%
19 mar 1920 Ten działacz społeczny oraz niepodległościowy zostaje pierwszym marszałkiem Polski Józef Piłsudski
73%
16 mar 2007 Rozpoczęła się działalność tej sieci komórkowej Play
70%
4 mar 1386 Ten król został koronowany na króla Polski na katedrze wawelskiej Władysław II Jagiełło
70%
22 mar 1925 Otwarto tę skocznie narciarską w Zakopanym Wielka Krokiew
63%
14 mar 1633 Król Władysław IV Waza uznał formalnie kościół tego odłamu chrześcijaństwa Prawosławie
50%
25 mar 1933 Sejm RP przyjął ustawę o tym orderze wojskowym Virtuti Militari
50%
27 mar 996 Ten praski biskup dokonał masowego chrztu mieszkańców Gdańska Wojciech Sławnikowic
50%
18 mar 1954 Ten działacz socjalistyczny ponownie zostaje premierem PRLu Józef Cyrankiewicz
37%
17 mar 1597 Witebsk otrzymał te średniowieczne prawa miejskie Prawo {magdeburskie}
37%
23 mar 1915 Po pięciu miesiącach rosyjskiego oblężenia skapitulowała ta austriacka twierdza, leżąca na terenie współczesnego województwa podkarpackiego Twierdza {Przemyśl}
37%
9 mar 1589 Ten arcyksiążę zrzekł się polskiego tytułu królewskiego na podstawie traktatu bytomsko-będzińskiego Maksymilian III
30%
11 mar 1609 Ta wojna wybuchła Wojna {moskiewska}
30%
10 mar 2008 Ten człowiek złożył pierwszą oficjalną wizytę w Polsce jako prezydent Egiptu Husni Mubarak
23%
21 mar 1796 Ten austriacki cesarz wydał patent formalnie włączający Galicję Zachodnią do Austrii Franciszek II Habsburg
20%
8 mar 1521 Podczas tej wojny Polacy odparli atak Krzyżaków na Elbląg Wojna {polsko-krzyżacka}
20%
13 mar 1968 Górnik Zabrze pokonał 1:0 ten klub na Stadionie Śląskim w ćwierćfinale Pucharu Europy Manchester United
13%
29 mar 1945 W Olsztynie założono te muzeum, obecnie największa taka placówka na terenie województwa warmińsko-mazurskiego Muzeum {Warmii i Mazur} w Olsztynie
10%
26 mar 1945 Armia Czerwona zajęła te śląskie miasta *wystarczy podać jedno z nich Wodzisław Śląski | Rybnik
10%
31 mar 1993 Wystartował ten kanał satelitarny TVP Polonia
7%
1 mar 1941 Niemcy utworzyli getto w tym mieście Bełchatów
3%
2 mar 1831 Polscy powstańcy zwyciężyli podczas tej bitwy podczas powstania listopadowego Bitwa pod {Puławami}
3%
6 mar 1945 Armia Czerwona zajęła te miasto Grudziądz
3%
7 mar 1573 We Lwowie, ten urodzony w Moskwie drukarz otwiera pierwszą drukarnie Iwan Fedorowicz
3%
28 mar 1689 Ten filozof został skazany na karę śmierci za ateizm Kazimierz Łyszczyński
3%
24 mar 1568 Król Zygmunt II August powołał tę pierwszą polską admiralicje Komisja Morska
3%
30 mar 1821 Ta umowa została zawarta w sprawie osiedlenia się w mieście 300 zagranicznych sukienników Umowa {zgierska}
3%
Nie znaleziono quizów pasujących do podanych kryteriów
Rozkład punktacji
Procent ludzi z każdym wynikiem
Percentyl według liczby udzielonych odpowiedzi
Twoja historia wyników
Nie rozwiązałeś tego quizu